000 00737pam a2200241 i 4500
001 2205929
005 20150511121034.0
008 740930s1975 nyua b 001 0 eng
015 _aGFR***
040 _aDLC
_cDLC
_dDLC
082 0 0 _a511.3
100 1 _aBarnes, D. W.
_q(Donald W.),
_d1935-
245 1 3 _aAn algebraic introduction to mathematical logic /
_cD. W. Barnes, J. M. Mack.
260 _aNew York :
_bSpringer-Verlag,
_c[1975]
300 _aviii, 121 p. :
_bill. ;
_c24 cm.
440 0 _aGraduate texts in mathematics ;
_vv. 22
500 _aIncludes indexes.
504 _aBibliography: p. 115.
650 0 _aLogic, Symbolic and mathematical.
650 0 _aAlgebraic logic.
700 1 _aMack, J. M.,
942 _2ddc
999 _c161443
_d161443